000 00692nam a2200229 a 4500
008 951214s1988||||[C 0 slo c
020 _c19 Kčs.
_q(28000 výtl.)
040 _aSNK
_bslo
_cSNK
_eAACR2
041 1 _aslo
_hfre
044 _axo
_cSK
080 _a840-3
100 1 _aMauriac, Francois
_4aut
245 1 0 _aCesty k moru
_cFrancois Mauriac ; Vladimír Dudáš, Ivan Mojík, Ján Krížik
250 _a2., vyd.
260 _aBratislava
_bSlovenský spisovateľ
_c1988
_eNitra
_fNitrianske tlačiarne
300 _a163 s., 9,74 AH
_c20 cm
490 0 _aRetro
700 1 _aDudáš, Vladimír
_4trl
700 1 _aMojík, Ivan
_4trl
700 1 _aKrížik, Ján
_4bkd
958 _aA
999 _c12331
_d12331